Ont-ils déjà joué avec... Robert De Niro ? - Statistiques

Statistiques générales
  • Ce quiz a été pris 40 fois
  • Le résultat moyen est 2 sur 10
Answers on the Grid
Answers color-coded by a green-red scale on the quiz's grid according to % correct below.
Rami Malek
Demi Moore
Drew Barrymore
Dr. Dre
Arnold Schwarzenegger
Robert Pattinson
Audrey Hepburn
Judy Garland
Sean Connery
John Belushi
Julia Louis-Dreyfus
Malcolm McDowell
Julie Gayet
Matthew McConaughey
Tom Cruise
Gérard Depardieu
Morgan Freeman
Liza Minelli
Diane Keaton
Whoopi Goldberg
 
Statistiques - réponses
Réponse % Correct
Gérard Depardieu
52%
Diane Keaton
38%
Morgan Freeman
38%
Liza Minelli
28%
Drew Barrymore
21%
Whoopi Goldberg
21%
Demi Moore
14%
Julie Gayet
14%
Sean Connery
14%
Rami Malek
7%
Aucun quiz correspondant
Distribution des résultats
% des personnes avec chaque résultat
Percentile par nombre de réponses
Votre historique - résultats
Vous n’avez pas pris ce quiz